000 01061nam a2200253 a 4500
001 36598
003 BD-RjUL
005 20211209052516.0
008 140721s2013 bg a|||| |||| 00| 0 ben|d
020 _a9847002002905
_c:Tk. 350.00
035 _a(BD-RjUL)36699
040 _aBD-RjUL
_bben
_cBD-RjUL
041 _aben
082 _223
_a020
_bAZT 2013
100 _a আজিজ, মো. আব্দুল
_9111530
245 _aতথ্যবিজ্ঞান ও গ্রন্থাগার ব্যবস্থাপনা = Information science & Library Management /
_c মো: আব্দুল আজিজ
250 _a২য় সং
260 _aঢাকা :
_bফ্রেন্ডস বুক কণ্,
_c২০১৩.
300 _a২৫৩ পৃ.:
_bচিএ ;
_c২২ সেমি.
504 _aগ্রন্থপঞ্জি সম্বলিত
650 _a গ্রন্থাগার ও তথ্যবিজ্ঞান
_9118461
650 _aLibrary and Information Sciences
_9123776
942 _2ddc
_cBK
_03
999 _c36598
_d36598